01510cam a2200229Ia 450000500170000000800410001702000180005803500210007604000500009704100080014710000240015524500880017926000390026730000480030649000290035452006860038361100390106965000460110865000360115465000430119065100470123320180410160155.0180410s2017 sz abe rb 001 0 eng d a9783856763763 a(OCoLC)990982113 aCO-BoUCMbengcSandra PalaciodSandra Palacio0 aspa1 aHenni, Samiad1980-10aArchitecture of counterrevolutionbthe French Army in Northern AlgeriacSamia Henni aZürich (Suiza)bGTA Verlagc2017 a335 páginasbilustraciones, mapas, planos0 aArchitektonisches Wissen8 aAfter over 120 years of French colonial rule in Algeria, the growing aspirations for independence culminated in the Algerian Revolution of 1954, which lasted until 1962. In order to combat the uprisings, the French civilian and military authorities reorganised the entire territory of the country, swiftly erected new infrastructures and pursued building policies that were ultimately intended to stabilize French dominance in Algeria.0The study describes the architectural responses undertaken in the midst of this protracted and bloody armed conflict. It analyses their origins, evolutions and objectives, identifies the actors involved and reveals the underlying design methods.27aRevolución (Algeria : 1954-1962)17aArquitecturazAlgeriaxHistoriaySiglo XX27aArquitecturazAlgeriaxColonial 0aUrbanismozAlgeriaxHistoriaySiglo XX 0aAlgeriaxHistoriayRevolución, 1954-1962